000 00771nam a22002777a 4500
001 BR9606163
003 BR-BrBNA
005 20230928095303.0
007 ta
008 230509b bl.||||| |||| 00| 0 por d
040 _aBR-BrBNA
_bpor
_cBiblioteca Nacional de Agricultura
041 _a(Por)
072 _aA50
_b0336
090 _ 0336 BR9606163
100 1 _aOliveira, M. da C.
100 1 _aKurihara, M.H.
100 1 _aAcosta-Hoyos, L.E.
110 1 _aCentro Nacional de Pesquisa de Soja, Londrina, PR (Brasil)
_91793
245 1 _aSoja: diretorio internacional de pesquisadores
260 3 _aBrasilia, DF (Brasil):
_c1978.
300 _a680 p.
650 _aSoja
650 _aPesquisa Agricola
909 _a202309
_bLucia
_c55
_dLucia Elande
942 _cBK
999 _c55659
_d55659